000 00296nam a2200109 4500
999 _c13177
_d13177
008 190211b ||||| |||| 00| 0 eng d
245 _aMindanao railway gets Neda board nod.
260 _aDavao City
_bSun Star Davao
_cc2017
300 _apage B2.
650 0 _936858
_aRailroads.
942 _2ddc
_cPER